00562 2200205 4500001002100000005001500021035002000036245007100056100001400127250000600141300003400147260004000181082001400221084002000235020001800255008004100273650001000314700002400324990000800348INLIS00000000000026920240918092736 a0010-03190000861 aMr. Midnight :bKasus Jam Terkutuk Hamburger Berhantu /cJames Lee0 aJames Lee a1 avi, 136 hlm :bilust ;c20 cm aJakarta :bPustaka Primatama,c2005 a899.221'3 a899.221'3 JAM m a979-3930-07-1240918 0  4aFiksi0 aAdenita Yusminovita a664